Contested grounds : (Record no. 14890)

MARC details
000 -LEADER
fixed length control field 01504nam a22003017a 4500
005 - DATE AND TIME OF LATEST TRANSACTION
control field 20080812064935.0
008 - FIXED-LENGTH DATA ELEMENTS--GENERAL INFORMATION
fixed length control field 080818t xxu||||| |||| 00| 0 eng d
010 ## - LCCN (DPL NO)
LC control number ENG-90741 B-430970
020 ## - INTERNATIONAL STANDARD BOOK NUMBER
International Standard Book Number 9780195695854
Terms of availability 650.00
020 ## - INTERNATIONAL STANDARD BOOK NUMBER
International Standard Book Number 0195695852
035 ## - SYSTEM CONTROL NUMBER
System control number EN-74274 B-430970
037 ## - SOURCE OF ACQUISITION
Source of stock number/acquisition DBAD / PUB
037 ## - SOURCE OF ACQUISITION
Source of stock number/acquisition Allied Pub/Ven
040 ## - CATALOGING SOURCE
Original cataloging agency DPL
082 ## - DEWEY DECIMAL CLASSIFICATION NUMBER
Classification number 333.7
245 ## - TITLE STATEMENT
Title Contested grounds :
Remainder of title essays on nature, culture, and power /
Statement of responsibility, etc edited by Amita Baviskar.
260 ## - PUBLICATION, DISTRIBUTION, ETC. (IMPRINT)
Place of publication, distribution, etc New Delhi :
Name of publisher, distributor, etc Oxford University Press,
Date of publication, distribution, etc 2008.
300 ## - PHYSICAL DESCRIPTION
Extent vi, 259 p. ;
Dimensions 23 cm.(Hb)
500 ## - GENERAL NOTE
General note Includes bibliographical references and index.
520 ## - SUMMARY, ETC.
Summary, etc Contributed articles presented earlier at a conference held at Kathmandu in 2003; later serialized in the Economic and political weekly on political aspects of natural resources.
650 ## - SUBJECT ADDED ENTRY--TOPICAL TERM
Topical term or geographic name as entry element Natural resources.
9 (RLIN) 28878
700 ## - ADDED ENTRY--PERSONAL NAME
Personal name Baviskar, Amita,
9 (RLIN) 28879
942 ## - ADDED ENTRY ELEMENTS (KOHA)
Source of classification or shelving scheme Dewey Decimal Classification
Item type English Books
Call number suffix CON
Classification part 333.7
Holdings
Withdrawn status Lost status Source of classification or shelving scheme Damaged status Not for loan Collection code Home library Current library Date acquired Source of acquisition Cost, normal purchase price Total Checkouts Full call number Barcode Date last seen Cost, replacement price Koha item type Copy number
    Dewey Decimal Classification     Non-fiction Central Library Central Library 27/06/2011 Allied Pub/2951/29.3.11/78/14.3.11/31.3.11 650.00 1 333.7 CON B-430970 30/12/2018 650.00 English Books 1
    Dewey Decimal Classification   Not For Loan Non-fiction D.B.Act.Division D.B.Act.Division 18/08/2008 DBAD / PUB 650.00   333.7 CON EN-74274 15/09/2008 650.00 English Books  

© Delhi Public Library
Hit Counter
free hit counter